Bolmyspen betpe-bet : (Record no. 616928)

000 -LEADER
fixed length control field 00454nam a22001697a 4500
020 ## - INTERNATIONAL STANDARD BOOK NUMBER
International Standard Book Number 9786010110540
082 ## - DEWEY DECIMAL CLASSIFICATION NUMBER
Classification number 181.92
Author Mark MAS
100 ## - MAIN ENTRY--PERSONAL NAME
Personal name Mashani, Akzhan
245 ## - TITLE STATEMENT
Title Bolmyspen betpe-bet :
Remainder of title a cognitive book about Al-Farabi and Abai
260 ## - PUBLICATION, DISTRIBUTION, ETC.
Place of publication, distribution, etc. Almaty:
Name of publisher, distributor, etc. Almatykitap,
Date of publication, distribution, etc. 2012.
300 ## - PHYSICAL DESCRIPTION
Extent 270p
504 ## - BIBLIOGRAPHY, ETC. NOTE
Bibliography, etc. note Kazakh Language
563 ## - BINDING INFORMATION
Binding note HB
650 ## - SUBJECT ADDED ENTRY--TOPICAL TERM
Topical term or geographic name entry element Islamic philosophy
650 ## - SUBJECT ADDED ENTRY--TOPICAL TERM
Topical term or geographic name entry element Kazakh philosophy
942 ## - ADDED ENTRY ELEMENTS (KOHA)
Source of classification or shelving scheme
Koha item type Book
650 ## - SUBJECT ADDED ENTRY--TOPICAL TERM
-- 134009
Holdings
Withdrawn status Lost status Source of classification or shelving scheme Materials specified (bound volume or other part) Damaged status Not for loan Permanent Location Current Location Date acquired Source of acquisition Total Checkouts Full call number Barcode Date last seen Price effective from Non-public note Koha item type Public note
      Satbayev Centre     Central Library (CL) Central Library (CL) 04/08/2026 Satbayev Centre   181.92 MAS CL-D-3330 04/08/2026 04/08/2026 Satbayev Centre Book Satbayev Centre
      Satbayev Centre     Central Library (CL) Central Library (CL) 04/08/2026 Satbayev Centre   181.92 MAS CL-D-3331 04/08/2026 04/08/2026 Satbayev Centre Book Satbayev Centre
© 2023 Central Library, National University of Sciences and Technology. All Rights Reserved.